Conflictos Actuales en la elaboración de la política exterior de Estados Unidos. La renuncia de Alexander Haig
Uloženo v:
| Korporativní autor: | |
|---|---|
| Médium: | Text |
| Vydáno: |
s.l.:
Centro de Estudios Económicos y Sociales del Tercer Mundo
|
| Tagy: |
Přidat tag
Žádné tagy, Buďte první, kdo vytvoří štítek k tomuto záznamu!
|
MARC
| LEADER | 00000 a a2200000 04500 | ||
|---|---|---|---|
| 001 | 24870 | ||
| 003 | |||
| 040 | |||
| 090 | |a 178800 | ||
| 110 | |a Centro de Estudios Económicos y Sociales del Tercer Mundo | ||
| 245 | |a Conflictos Actuales en la elaboración de la política exterior de Estados Unidos. La renuncia de Alexander Haig | ||
| 260 | |a s.l.: |b Centro de Estudios Económicos y Sociales del Tercer Mundo | ||
| 300 | |a pp. 112-117 | ||
| 999 | |c 5835 |d 5835 | ||
